000 01175nam a22002297a 4500
003 NALT
005 20210921092835.0
008 s2542 th tha d
020 _a9745015083
040 _aNALT
041 _atha
050 _aJF1358
_bค127ก
110 0 _aคณาจารย์ภาควิชาบริหารรัฐกิจ คณะรัฐศาสตร์ มหาวิทยาลัยรามคำแหง
245 1 0 _aการบริหารรัฐกิจเบื้องต้น [6th] :
_bIntroduction to public administration [6th]
260 3 _aกรุงเทพฯ :
_bมหาวิทยาลัยรามคำแหง,
_c2542
300 _a413 หน้า :
_bแผนภูมิ, ตาราง ;
_c 26 ซม.
610 _aคณาจารย์ภาควิชาบริหารรัฐกิจ คณะรัฐศาสตร์ มหาวิทยาลัยรามคำแหง
650 0 4 _aการบริหารรัฐกิจ -- วิจัย
650 0 4 _aการบริหารรัฐกิจ
850 _aNALT
942 _cGB
_2lcc
999 _c42557
_d42557
998 _j109
_k อารีรัตน์ วิชาช่าง